La contaminación transfronteriza en derecho internacional privado : estudio de derecho aplicable /

Contiene: Supuesto de hecho: daños por contaminación transfronteriza; Determinación de la ley aplicable a la contaminación transfronteriza: la lex loci delicti; Flexibilización de la lex loci delicti; Delimitación del ámbito del estatuto delictual; Normas materiales imperativas, normas de conducta y...

Descripció completa

Guardat en:
Dades bibliogràfiques
Autor principal: Fach Gómez, Katia (autor)
Format: Llibre
Idioma:espanyol
Publicat: Barcelona, España : Bosch, 2002, c2002
Matèries:
Etiquetes: Afegir etiqueta
Sense etiquetes, Sigues el primer a etiquetar aquest registre!

MARC

LEADER 00000nam^a2200000^a^4500
001 000151000
005 20250521000000.0
009 20260310100156.94
020 |a 84-7676-918-0 
037 |a Acervo ITESO - Biblioteca 
041 |a ESP 
082 |a 340. 9  |b FAC 
100 |a Fach Gómez, Katia  |e (autor) 
245 1 3 |a La contaminación transfronteriza en derecho internacional privado :  |b estudio de derecho aplicable /  |c K. Fach Gómez ; pról. de Elena Zabalo Escudero. 
264 4 |a Barcelona, España :  |b Bosch,  |c 2002, c2002 
300 |a 486 p. 
336 |a texto  |b txt  |2 rdacontenido 
337 |a sin mediación  |b n  |2 rdamedio 
338 |a volumen  |b nc  |2 rdasoporte 
520 |a Contiene: Supuesto de hecho: daños por contaminación transfronteriza; Determinación de la ley aplicable a la contaminación transfronteriza: la lex loci delicti; Flexibilización de la lex loci delicti; Delimitación del ámbito del estatuto delictual; Normas materiales imperativas, normas de conducta y seguridad y autorizaciones administrativas. 
649 |a XX 
650 |a Fronteras Geopolíticas -  |x Aspectos Jurídicos 
650 |a Contaminación Ambiental -  |x Aspectos Jurídicos 
650 |a Derecho Ambiental 
650 |a Derecho Internacional Privado 
910 |a Fondo General 
920 |a Impresos - Libros 
930 |a Colección General 
905 |a 101 
901 |a 0500080373  |b IT1  |c ACC  |u 20250521 
902 |a https://opac.biblio.iteso.mx/vufind/Record/000151000